| 000 | 00000nam##2200000za#4500 |
| 001 | 9.526120 |
| 003 | CaOODSP |
| 005 | 20220623092427 |
| 007 | ta |
| 008 | 150406|1995||||xxc||||| f|0| 0 eng|d |
| 020 | |a0-662-61942-0 |
| 040 | |aCaOODSP|beng |
| 041 | |aeng |
| 041 | |afre |
| 043 | |an-cn--- |
| 086 | 1 |aC21-23/7 |
| 110 | 1 |aCanada. |bIndustry Canada. |
| 245 | 10|aCompetition as a dimension of economic policy : |ba comparative perspective / |cby Robert D. Anderson and S. Dev Khosla, Economics and International Affairs Branch, Bureau of Competition Policy. |
| 260 | |aOttawa - Ontario : |bIndustry Canada |c1995. |
| 300 | |aEnglish text, iv, 107p. : |breferences ; |c23 cm. |
| 490 | 1 |aOccasional paper|vNo. 7, May, 1995 |
| 500 | |aContents: Introduction.--Competition policy in a globalizing era: a conceptual overview.--Key features of competition policy in Canada.--The links between competition policy and other economic policies.--Competition policy in foreign jurisdictions.--Issues relating to the future evolution of competition policy in Canada.--Conclusions. |
| 546 | |aBilingual |
| 563 | |aSoftcover |
| 590 | |a95-28|b1995-07-14 |
| 690 | 07|aCompetition|2gcpds |
| 690 | 07|aEconomic policy|2gcpds |
| 720 | 1 |aAnderson, Robert D. |
| 720 | 1 |aDev Khosla, S. |
| 776 | 0#|tCompetition policy as a dimension of economic policy - a comparative perspective : |w(CaOODSP)9.570598 |
| 776 | 0#|tLa politique de concurrence en tant que dimension de la politique économique : une analyse comparative : |w(CaOODSP)9.601246 |
| 792 | |tLa politique de concurrence en tant que dimension de la politique économique : |efre|w(CaOODSP)9.526121 |
| 830 | #0|aOccasional paper (Canada. Industry Canada)|vNo. 7, May, 1995|w(CaOODSP)9.509050 |